| 000 | 00907cam a2200193 4500 | ||
|---|---|---|---|
| 001 | ABS63726 | ||
| 008 | 000000n2001 000 0 eng u | ||
| 035 | _a(Sirsi) u111860 | ||
| 100 | _aDear, B. | ||
| 245 | _aKeep up the Act | ||
| 260 | _c2001 | ||
| 490 |
_aEstates Gazette _v(0113) 31 March 2001, 146(1) |
||
| 520 | _aSets out and counters a number of arguments suggesting the Landlord and Tenant Act 1954 is in need of an overhaul. Criticisms of the Act that are addressed include the following: it discourages development; favours old-fashioned buildings and affects the commercial mobility of a tenant and its employees; Scottish businesses function without it; the opting out procedure calls into question the reason for the Act's existence. | ||
| 590 | _aABS | ||
| 650 | _aLANDLORD AND TENANT ACT 1954 | ||
| 650 | _aREFORM | ||
| 690 | _aLANDLORD AND TENANT-BUSINESS TENANCIES | ||
| 942 | _n0 | ||
| 999 |
_c66663 _d66663 |
||